000 00302nam a22000977a 4500
008 171113b xxu||||| |||| 00| 0 eng d
100 _aStanley Gibbons Lt
245 _aStanley Gibbons colour guide for stamp collectors (1965?)
260 _aLondon
_bStanley Gibbons Lt
_c1965?
650 _aColor Guides | Color
999 _c2549
_d2549